000 00551nam a2200229 a 4500
001 0001-1583
003 ELIB.Books
008 170717 2010 eng
020 _a0203633660
092 _a301.45 Mil
_bMil
100 _aMiles, Robert.
245 _aRacism
250 _aSecond Edition
260 _aLandon
_bRoutledge
_c2003
300 _a197
_bKBTS: ELIB
_c13.4 cm
500 _aKBTS Library
650 _aSocial
942 _2ddc
_cBK
990 _a1
998 _aEnglishbooks.elf
_ccat
_e2017-07-17
999 _c11583
_d11583